000
00337nam a2200133Ia 4500
003
GCL
008
140319s9999 xx 000 0 ara d
040
_a
GCL /
_c
GCL
082
0
4
_a
621.9
_b
ل ا
245
1
0
_a
اساسيات الالات الزراعية
260
_a
[S.N] :
_b
دار المريخ للنشر
300
_a
1129
490
_a
999
_c
31598
_d
31598